000 00975cam a22002411i 4500
001 e 34000595
003 DLC
005 20260227111224.0
008 790723s1934 xx 000 0 eng
010 _ae 34000595
035 _a(OCoLC)5199746
040 _aDLC
_cPLhS
_dOCoLC
_dDLC
042 _apremarc
050 0 0 _aZ5811
_b.T9
100 1 _aTurosienski, Severin Kazimierz,
_d1884-1944.
245 1 0 _aForeign and comparative education;
_ba list of references /
_cby Severin K. Turosienski, associate specialist in foreign education, Office of education ... United States Department of the interior, Harold L. Ickes, secretary. Office of education, George F. Zook, commissioner.
260 _aWashington :
_bU.S. Govt. print. off.,
_c1934.
300 _avii, 59 p. ;
_c24 cm.
440 0 _aU. S. Office of education. Bulletin, 1934,
_vno. 10
650 0 _aEducation
_vBibliography.
650 0 _aEducation
_zEurope
_vBibliography.
740 0 _aComparative education.
999 _c21406
_d21406